000 00462nam a2200169Ia 4500
008 131103s9999 xx 000 0 und d
040 _aLoreto College
041 _aEnglish
082 _a891.44/MUK
_bLCLIB
100 _aMukherjee, Radhakamal
245 _aBangla o Bangali
_cRadhakamal Mukherjee
260 _aCalcutta
_bRasachakra-Sahitya-Sansad
_c1940
300 _a257p
_c 18cm
650 _aHistory of Bengal
651 _aBengali Culture
942 _cBK
999 _c20438
_d70917